| 000 | 01013nam a22002537a 4500 | ||
|---|---|---|---|
| 003 | OSt | ||
| 005 | 20180412190728.0 | ||
| 008 | 180412s1990 spca || 000 ||spa|d | ||
| 017 | _aDL B. 11586-1990 | ||
| 020 | _a84873750102 (cart.) | ||
| 040 |
_aES-BaCBU _bcat _cCDMR |
||
| 245 | 0 | 0 |
_aQuién es quién en el periodismo deportivo español _c/ [dirección de la obra: Miguel Vidal ; Joan Pla: director literario ; coordinación de textos: Montserrat Jolis] |
| 260 |
_aBarcelona : _bP & P, _cimpr. 1990 |
||
| 300 |
_a262 p. : _bil.; _c31 cm |
||
| 500 | _aA la part superior de la portada: Asociación Española de la Prensa Deportiva | ||
| 500 | _aAl llom: 1 | ||
| 650 | 0 | 7 |
_aPeriodisme esportiu _zEspanya _xBiografia _xDiccionaris _2lemac _93383 |
| 650 | 0 | 7 |
_aPeriodistes esportius _zEspanya _xDirectoris _2lemac |
| 700 | 1 |
_aVidal i Perelló, Miquel, _d1942- _eed. |
|
| 700 | 1 |
_aPla, Joan, _d1934-, _eed. |
|
| 700 | 1 |
_aJolis, Montserrat, _eed. |
|
| 710 | 2 | _aAsociación Española de la Prensa Deportiva | |
| 942 | _cMON | ||
| 999 |
_c7121 _d7121 |
||